000 00228nam a2200097Ia 4500
005 20251222114359.0
008 251222s1900||||xx |||||||||||||| ||spa||
082 _aDVD0010/W78
245 0 _aLa leyenda del Dragón Rojo:
942 _cDVD
999 _c1543
_d1543